ABC de la socialdemocracia: pensamiento mínimo dosificado /

Este libro pretende ser un extracto mínimo del pensamiento socialdemocrático y de la democracia en general. Se fundamenta en diferentes reflexiones escritas y publicadas por el autor durante más de cincuenta años. Sin ser un manual, pretende reunir los fundamentos básicos del pensamiento socialdemóc...

全面介绍

Guardado en:
书目详细资料
主要作者: Obregón Valverde, Enrique
格式: Texto
语言:Spanish
出版: s.l.: Raíces
主题:
标签: 添加标签
没有标签, 成为第一个标记此记录!

MARC

LEADER 00000 a a2200000 04500
001 33991
003 cru CIDCACS/IIS
005 20170421105702.0
008 170421b xxu||||| |||| 00| 0 spa d
040 |c CIDCACS/IIS 
090 |a 04.04.02 O131a  
100 |a Obregón Valverde, Enrique  
245 |a ABC de la socialdemocracia:   |b pensamiento mínimo dosificado /  |c Enrique Obregón Valverde 
260 |a s.l.:   |b Raíces  
300 |a 287 p.  
520 |a Este libro pretende ser un extracto mínimo del pensamiento socialdemocrático y de la democracia en general. Se fundamenta en diferentes reflexiones escritas y publicadas por el autor durante más de cincuenta años. Sin ser un manual, pretende reunir los fundamentos básicos del pensamiento socialdemócrata  
650 |a SOCIALDEMOCRACIA  
650 |a IDEOLOGIAS POLITICAS  
650 |a DEMOCRACIA  
650 |a SISTEMAS DE VALORES  
942 |2 ddc  |c LI 
999 |c 13473  |d 13473